مئة سؤال عن خدمة الأعارة فى المكتبات / (رقم التسجيلة. 97058)

تفاصيل مارك
000 -LEADER
fixed length control field 009470am a2200241 004500
003 - CONTROL NUMBER IDENTIFIER
control field EG-GiCUC
008 - FIXED-LENGTH DATA ELEMENTS--GENERAL INFORMATION
fixed length control field 070603s1983 jo g 000 0 ara d
017 ## - COPYRIGHT OR LEGAL DEPOSIT NUMBER
Copyright or legal deposit number 1983 / 1 / 13
Assigning agency الاردن.مديرية المكتبات و الوثائق الوطنية
040 ## - CATALOGING SOURCE
Original cataloging agency EG-GiCUC
Language of cataloging ara
Transcribing agency EG-GiCUC
050 #4 - LIBRARY OF CONGRESS CALL NUMBER
Classification number Z712.
Item number H3
092 04 - LOCALLY ASSIGNED DEWEY CALL NUMBER (OCLC)
Classification number 025.6
Item number H344
Edition number 21
099 ## - LOCAL FREE-TEXT CALL NUMBER (OCLC)
Classification number 04
-- 025.6 H344
100 1# - MAIN ENTRY--PERSONAL NAME
Personal name حسن: سعيد أحمد.
245 10 - TITLE STATEMENT
Title مئة سؤال عن خدمة الأعارة فى المكتبات /
Statement of responsibility, etc. تأليف سعيد احمد حسن.
246 24 - VARYING FORM OF TITLE
Title proper/short title مائة سؤال عن خدمة الأعارة فى المكتبات.
260 ## - PUBLICATION, DISTRIBUTION, ETC.
Place of publication, distribution, etc. عمان : الأردن :
Name of publisher, distributor, etc. مكتبة المحتسب:
Date of publication, distribution, etc. 1983.
300 ## - PHYSICAL DESCRIPTION
Extent 112 ص. ؛
Dimensions 21 سم.
505 0# - FORMATTED CONTENTS NOTE
Formatted contents note شتمل على ارجاعات ببليوجلرافية (105-106).
650 #7 - SUBJECT ADDED ENTRY--TOPICAL TERM
Topical term or geographic name entry element الأعارة (مكتبات).
Source of heading or term qrmak
902 ## - LOCAL DATA ELEMENT B, LDB (RLIN)
No. of Items 1
905 ## - LOCAL DATA ELEMENT E, LDE (RLIN)
Cataloger شكرية
Reviser مدخل
942 ## - ADDED ENTRY ELEMENTS (KOHA)
Source of classification or shelving scheme Dewey Decimal Classification
Koha item type Books
المقتنيات
Source of classification or shelving scheme Not for loan Home library Current library Date acquired Full call number Barcode Date last seen Copy number Koha item type
Dewey Decimal Classification   المكتبة المركزبة الجديدة - جامعة القاهرة قاعة الكتب - الدور الثاني 11.02.2024 025.6 H344 01000100087320000 23.09.2023 C.1 Books
Cairo University Libraries Portal Implemented & Customized by: Eng. M. Mohamady Contacts: new-lib@cl.cu.edu.eg | cnul@cl.cu.edu.eg
CUCL logo CNUL logo
© All rights reserved — Cairo University Libraries
CUCL logo
Implemented & Customized by: Eng. M. Mohamady Contact: new-lib@cl.cu.edu.eg © All rights reserved — New Central Library
CNUL logo
Implemented & Customized by: Eng. M. Mohamady Contact: cnul@cl.cu.edu.eg © All rights reserved — Cairo National University Library